000 00314nam a2200121Ia 4500
008 240624s9999 xx 000 0 und d
041 _aeng
082 _a152.4 BAR
100 _aBARRETT LISA FELDMAN
245 _aHOW EMOTIONS ARE MADE THE SECRET LIFE OF
260 _c2017
_aNew York
_bPan Macmillan
365 _cRS
999 _c30773
_d30773